000
00259nam a22001217a 4500
008
180223b xxu||||| |||| 00| 0 eng d
041
_a
eng
080
_a
371
100
_a
25
101
_a
EDU
245
_a
Basic Transcription
_c
Ickes, P.C
942
_2
udc
_c
BK
999
_c
43231
_d
43231